00510nam a22001457a 450000500170000002000230001703500130004003700110005308200100006410000470007424500950012126000810021627000150029730000520031220120416111248.0 c200.00a8188538043 aB-150975 b adpl a363.7 aसोनी, वेद प्रकाश1 aपर्यावरणः सरक्षण/cवेद प्रकाश सोनी aदिल्लीbप्रयंक प्रकाशन गृहc2005 a b e k  a136पृ.c22सेमी (सजिल्द)